| 000 | 01016nam a22003257a 4500 | ||
|---|---|---|---|
| 001 | 00260 | ||
| 003 | DO-SdBNP | ||
| 005 | 20180131114449.0 | ||
| 008 | 151104b 1991 sp |||| |||| 00| 0 spa d | ||
| 020 | _a8420741477 | ||
| 040 |
_aBPMSU _bspa _cBPMSU |
||
| 041 | 1 | 7 |
_aspa _heng |
| 092 |
_axxxxx _bxxxxx |
||
| 100 | 1 |
_a Verne, Jules, _d1828-1905. |
|
| 245 | 1 | 0 |
_aMiguel Strogoff / _cJules Verne ; traducción apéndice y notas Iñigo Valverde Mordt ; ilustración J. Férat. |
| 260 |
_aMadrid : _bGrupo Anaya, _c1991. |
||
| 300 |
_a411 p. : _bil. ; _c20 cm. |
||
| 490 | 1 |
_aTus Libros _v108 |
|
| 490 | 1 | _aAventuras | |
| 500 | _aIncluye referencias bibliográficas y notas al pie de las páginas. | ||
| 504 | _aBibliografía : p. 409-411 | ||
| 534 | _aMichel Strogoff. | ||
| 700 | 1 | 2 |
_aValverde Mordt, Iñigo, _etr. |
| 700 | 1 | 2 |
_aFérat, J., _eil. |
| 830 | 0 |
_aTus Libros ; _n108 |
|
| 830 | 0 | _aAventuras | |
| 942 |
_2ddc _cBK |
||
| 945 | _aInventariado extranjero / 2017 VM | ||
| 956 | _aLorenza Pérez | ||
| 999 |
_c8548 _d8548 |
||